000 00576nam a22002177a 4500
003 OSt
005 20250909020003.0
008 240520b |||||||| |||| 00| 0 eng d
020 _a0521297338
040 _cDDC
082 _a530.41 ZIM 1972
100 _aZiman, J.M.
_916986
245 _aPrinciples of the Theory of Solids
250 _a2nd ed.
260 _a Cambridge University Press, 1972
300 _axiii,435p;
_bIll:
_c23cm
504 _aBibliography, & index included
650 _aSolids
_94957
650 _aNanoscience
_916987
942 _2ddc
_cO_SHELF
_01
999 _c8342
_d8342